इस्पात एवं पर्यावरण परिष्करण (Record no. 7102)

MARC details
000 -LEADER
fixed length control field 01281 a2200241 4500
005 - DATE AND TIME OF LATEST TRANSACTION
control field 20080912153320.0
008 - FIXED-LENGTH DATA ELEMENTS--GENERAL INFORMATION
fixed length control field 080912t xxu||||| |||| 00| 0 hin d
010 ## - LIBRARY OF CONGRESS CONTROL NUMBER
LC control number HIN-80799
020 ## - INTERNATIONAL STANDARD BOOK NUMBER
International Standard Book Number 8185999589
Terms of availability 295.00
035 ## - SYSTEM CONTROL NUMBER
System control number HN-53145
037 ## - SOURCE OF ACQUISITION
Source of stock number/acquisition D.B.Act / ven
082 ## - DEWEY DECIMAL CLASSIFICATION NUMBER
Classification number 363.73
100 ## - MAIN ENTRY--PERSONAL NAME
Personal name तिवारी, सुरेश
245 ## - TITLE STATEMENT
Title इस्पात एवं पर्यावरण परिष्करण
Statement of responsibility, etc सुरेश तिवारी
246 ## - VARYING FORM OF TITLE
Title proper/short title Ispat anvm paryavarn parishkarn
Remainder of title by-Suresh tiwari
260 ## - PUBLICATION, DISTRIBUTION, ETC. (IMPRINT)
Place of publication, distribution, etc नई दिल्ली
Name of publisher, distributor, etc स्वराज प्रकाशन
Date of publication, distribution, etc 2007
260 ## - PUBLICATION, DISTRIBUTION, ETC. (IMPRINT)
Place of publication, distribution, etc भोपाल
Name of publisher, distributor, etc मनोरमा प्रकाशन(वितरक)
Date of publication, distribution, etc 2007
270 ## - ADDRESS
Address 4697/3, 21ए, अंसारी रोड, दरियागंज
City नई दिल्ली
Postal code 110002
Telephone number 23281655,27051931
270 ## - ADDRESS
Address 179/9ए,साकेत नगर
City भोपाल
Postal code -24
300 ## - PHYSICAL DESCRIPTION
Extent 136पृ
Dimensions 23 सेमी (सजिल्द)
942 ## - ADDED ENTRY ELEMENTS (KOHA)
Institution code [OBSOLETE] dpl
Koha item type Hindi Books
Call number prefix 363.73 / तिवारी
Source of classification or shelving scheme Dewey Decimal Classification
Classification part 363.73
Call number suffix तिवारी
Holdings
Withdrawn status Lost status Damaged status Not for loan Home library Current library Date acquired Cost, normal purchase price Total Checkouts Full call number Barcode Date last seen Copy number Uniform Resource Identifier Cost, replacement price Price effective from Koha item type
        D.B.Act.Division D.B.Act.Division 12/09/2008 295.00   363.73 तिवारी HN-53145 15/09/2008 1 7765 295.00 15/09/2008 Hindi Books

© Delhi Public Library
Hit Counter
free hit counter